| 000 | 02980nam a2200481 c 4500 | ||
|---|---|---|---|
| 003 | BLK | ||
| 005 | 20240712111659.0 | ||
| 008 | 180410b bul|||||r ||||||| ||bul|| | ||
| 010 | _aKNG00153711000 | ||
| 020 | _a978-954-8186-90-2 | ||
| 040 | _aBLK | ||
| 041 |
_aBUL _cBUL |
||
| 072 | 7 |
_2bullib _aН61 _xМедицина Н |
|
| 080 |
_aСън. Сетивни процеси. Обща физиология на възприятието - Теория за съня, физиологична природа на сънищата, хипнотичен сън, подсъзнателно състояние въобще, субективна парапсихология (ясновидство, _b612.821.7 _x-053.3(035) _z612.821.7-053.3(035) |
||
| 080 |
_aРазстройства на съзнанието - Кома, колапс, ступор, автоматизъм, бълнуване, сомнамбулизъм, разстройства на съня, летаргия и др. _b616.8-009.8 _x-053.3(035) _z616.8-009.8-053.3(035) |
||
| 080 |
_aХигиена на новородените и на децата от ранната детска възраст (до 2 години) и учрежденията за тях - Отглеждане на детето, грижи за бебето и малкото дете, детски ясли, домове. Вж и 613. 22 - Кърме _b613.952/.953 _x(035) _z613.952/.953(035) |
||
| 100 | 1 |
_aДжоунс, Марси _eпърви автор _9329661 |
|
| 139 |
_aДжоунс, Марси и др. _bД 52 |
||
| 245 | 1 | 0 |
_aВсичко за съня на бебето _bБързи и лесни отговори на всички ваши въпроси _cМарси Джоунс; съавт. Санди Джоунс; прев. от англ. Теодора Иванова Давидова. |
| 257 | _aUSA | ||
| 260 |
_bСанома Блясък България _c2012 _fСофия : Алианс принт |
||
| 300 |
_a184 с. _c20 см |
||
| 380 | _a61 | ||
| 490 | 1 | _aБиблиотека Mami | |
| 500 | _aОриг. загл. Baby sleep guide / Marcie Jones Sandy Jones. - Разпространява се със сп. Моето дете | ||
| 650 | 4 |
_aСън - при децата _9329663 |
|
| 650 | 4 |
_aСън - физиология и разстройства _9251427 |
|
| 650 | 4 |
_aКърмачета - грижи и хигиена - наръчници и ръководства _9242393 |
|
| 653 | _aновородени | ||
| 653 | _aсън | ||
| 653 | _aдневен режим | ||
| 659 | _aН | ||
| 700 | 1 |
_aДжоунс, Санди _eсъавт. _9329662 |
|
| 700 |
_aДавидова, Теодора Иванова _d1947- _9366021 |
||
| 852 |
_aЦб 266656 _bЦб |
||
| 852 |
_bП _c612.8/Д 52 М |
||
| 856 | 4 | _qpdf | |
| 856 | 4 | _qpdf | |
| 942 |
_cKNG _n0 |
||
| 944 |
_aCR _c25.11.2013 _k30570 _lМоника Янева |
||
| 944 |
_aED _c22.08.2014 |
||
| 944 |
_aED _kМ.Я. |
||
| 999 |
_c147498 _d147498 |
||